Xoxé F. Filgueira Valverde (Record no. 186304)

MARC details
000 -LEADER
campo de control de longitud fija 01204nam a2200301 i 4500
001 - NÚMERO DE CONTROL
campo de control 186304
003 - IDENTIFICADOR DE NÚMERO DE CONTROL
campo de control ES-MaACL
005 - FECHA Y HORA DE LA ÚLTIMA TRANSACCIÓN
campo de control 20251114131554.0
008 - DATOS DE LONGITUD FIJA--INFORMACIÓN GENERAL
campo de control de longitud fija 161005s2016 sp c |||| |dglg d
020 ## - NÚMERO INTERNACIONAL ESTÁNDAR DEL LIBRO
Número Internacional Estándar del Libro 978-84-608-7215-3
080 ## - NÚMERO DE LA CLASIFICACIÓN DECIMAL UNIVERSAL
Número de la Clasificación Decimal Universal 821.134.4-82"19"
080 ## - NÚMERO DE LA CLASIFICACIÓN DECIMAL UNIVERSAL
Número de la Clasificación Decimal Universal 929 Filgueira Valverde, José
100 1# - ENTRADA PRINCIPAL--NOMBRE DE PERSONA
Nombre de persona Filgueira Valverde, José,
Fechas asociadas al nombre 1906-1996
9 (RLIN) 50833
245 10 - MENCIÓN DEL TÍTULO
Título Xoxé F. Filgueira Valverde
Resto del título : artigos en "El correo gallego" e "La noche" /
Mención de responsabilidad, etc. [José F. Filgueira Valverde] ; edición de Luís Alonso Girgado, Laura Mariño Taibo, Laura Piñeiro Pais, Nuria Rouco Aneiros.
250 ## - MENCION DE EDICION
Mención de edición 1ª ed.
260 ## - PUBLICACIÓN, DISTRIBUCIÓN, ETC.
Lugar de publicación, distribución, etc. Santiago de Compostela :
Nombre del editor, distribuidor, etc. Follas Novas,
Fecha de publicación, distribución, etc. 2016.
300 ## - DESCRIPCIÓN FÍSICA
Extensión 264 p. :
Otras características físicas 1 retr. ;
Dimensiones 24 cm.
490 1# - MENCIÓN DE SERIE
Mención de serie Colección Fonseca.
-- Filología ;
Designación de volumen o secuencia 10
500 ## - NOTA GENERAL
Nota general Cronología.
600 17 - PUNTO DE ACCESO ADICIONAL DE MATERIA--NOMBRE DE PERSONA
Nombre de persona Filgueira Valverde, José,
Fechas asociadas al nombre 1906-1996
Fuente del encabezamiento o término embne
9 (RLIN) 50833
700 1# - ENTRADA AGREGADA--NOMBRE PERSONAL
Nombre de persona Alonso Girgado, Luis,
Fechas asociadas al nombre 1946-
9 (RLIN) 20332
700 1# - ENTRADA AGREGADA--NOMBRE PERSONAL
Nombre de persona Mariño Taibo, Laura.
9 (RLIN) 161061
700 1# - ENTRADA AGREGADA--NOMBRE PERSONAL
Nombre de persona Piñeiro Pais, Laura.
9 (RLIN) 160858
830 0# - PUNTO DE ACCESO ADICIONAL DE SERIE-TÍTULO UNIFORME
Título uniforme Colección Fonseca. Filología
Designación de volumen o secuencia 10
9 (RLIN) 191758
852 ## - LOCALIZACIÓN
Ubicación ES-MaACL
Número de control de estantería A-13946
itemnumber 193359
Sublocalización o colección R.151274
Ubicación en estantería Depósito 1
Signatura antigua Olim: N-6946
942 ## - ELEMENTOS DE ENTRADA SECUNDARIOS (KOHA)
Fuente del sistema de clasificación o colocación Clasificación decimal universal
Holdings
Estatus retirado Estado de pérdida Fuente del sistema de clasificación o colocación Estado de daño No para préstamo Biblioteca de origen Biblioteca actual Ubicación en estantería Fecha de adquisición Fuente de adquisición Total de préstamos Signatura topográfica completa Código de barras Visto por última vez Precio de reemplazo Tipo de ítem Koha
    Clasificación decimal universal     Biblioteca del Ateneo de Madrid Biblioteca del Ateneo de Madrid Depósito 1 05/10/2016 Donación   A-13946 1196435 23/02/2023 23/02/2023 Libro impreso